Impacto de la inversión extranjera directa con el desarrollo económico (Record no. 110272)

MARC details
000 -LEADER
campo de control de longitud fija 00410nam a2200145 4500
001 - NÚMERO DE CONTROL
campo de control 330
005 - FECHA Y HORA DE LA ÚLTIMA TRANSACCIÓN
campo de control 20230411085954.0
008 - DATOS DE LONGITUD FIJA--INFORMACIÓN GENERAL
campo de control de longitud fija 060907n1996 dr spa
035 ## - NÚMERO DE CONTROL DEL SISTEMA
-- funglode331
041 ## - CÓDIGO DE IDIOMA
Código de lengua del texto/banda sonora o título independiente ES
245 0# - MENCIÓN DEL TÍTULO
Título Impacto de la inversión extranjera directa con el desarrollo económico
260 ## - PUBLICACIÓN, DISTRIBUCIÓN, ETC.
Lugar de publicación, distribución, etc. Santo Domingo :
Nombre del editor, distribuidor, etc. Pellerano & Herrera,
Fecha de publicación, distribución, etc. 1996?
300 ## - DESCRIPCIÓN FÍSICA
Extensión p.v. / 28 cm
942 ## - ELEMENTOS DE ENTRADA SECUNDARIOS (KOHA)
Fuente del sistema de clasificación o colocación Clasificación de Library of Congress
Tipo de ítem Koha
Holdings
Estatus retirado Estado de pérdida Fuente del sistema de clasificación o colocación Estado de daño No para préstamo Colección Biblioteca de origen Biblioteca actual Ubicación en estantería Fecha de adquisición Código de barras Visto por última vez Copia número Tipo de ítem Koha
    Clasificación de Library of Congress     Automatización y Procesos Técnicos Biblioteca Juan Bosch Biblioteca Juan Bosch Automatización y Procesos Técnicos (1er. Piso) 17/02/2019 00020010331 17/02/2019 1